000 00612nam a2200193Ia 4500
005 20260114185615.0
008 008 260114s9999 xx 000 0 eng d
020 _a9781350021853
037 _aEBOOK
040 _aCRL
_beng
_cCRL
041 _aeng
_2eng
084 _qCRL
100 _aMuriam Haleh Davis and Thomas Serres
_9872157
245 0 _aNorth Africa and the Making of Europe Governance, Institutions and Culture
260 _bBloomsbury
_c2018
856 _uhttps://doi.org/10.5040/9781350021853?locatt=label:secondary_bloomsburyCollections
942 _cEBOOK
999 _c1471105
_d1471105